Statistiques concernant Pokémon Platine - Equipe des dresseurs du Café Combat

Cliquez ici pour prendre le quiz!

Statistiques générales

  • Ce quiz a été pris 77 fois
  • Le résultat moyen est 47 sur 65

Statistiques - réponses

HintRéponse% Correct
Ectoplasma
96%
Ectoplasma
96%
Mackogneur
96%
Steelix
96%
Blizzaroi
93%
Grolem
93%
Léviator
93%
Lucario
93%
Lucario
93%
Magirêve
93%
Momartik
93%
Mustéflott
93%
Bastiodon
89%
Charkos
89%
Élekable
89%
Luxray
89%
Noctunoir
89%
Noctunoir
89%
Roserade
89%
Torterra
89%
Magnézone
86%
Magnézone
86%
Raichu
86%
TanguyVoltali
86%
GladysDimoret
82%
Dimoret
82%
Mammochon
82%
Maraiste
82%
Ceriflor
79%
Charmina
79%
Galéking
79%
Givrali
79%
Grodrive
79%
Grodrive
79%
Tyranocif
79%
CharlesAirmure
75%
KiméraBranette
75%
MélinaKapoera
75%
Chapignon
71%
Leuphorie
71%
PierrickPtéra
71%
Tarinorme
71%
FloCotovol
68%
Ludicolo
68%
Alakazam
64%
Joliflor
64%
Lanturn
61%
Électrode
57%
Hariyama
57%
Wailord
57%
Arcanin
54%
Drattak
54%
Kaorine
54%
Métalosse
54%
MaïtéPorygon-Z
54%
CornilCaratroc
46%
VivianeNinjask
46%
Nostenfer
46%
Chartor
43%
LovisSharpedo
43%
Togekiss
43%
Noctali
32%
SaraQulbutoké
32%
Ursaring
29%
ArmandAbsol
25%

Distribution des résultats

Percentile par nombre de réponses

% des personnes avec chaque résultat

Votre développement - résultats

Vous n’avez pas pris ce quiz